Industrial motor control (Record no. 180581)

000 -LEADER
fixed length control field 00411 a2200181 4500
003 - CONTROL NUMBER IDENTIFIER
control field Nust
005 - DATE AND TIME OF LATEST TRANSACTION
control field 20170207153152.0
040 ## - CATALOGING SOURCE
Transcribing agency Nust
082 ## - DEWEY DECIMAL CLASSIFICATION NUMBER
Classification number 621.3132
100 ## - MAIN ENTRY--PERSONAL NAME
Personal name Markle, L. E.
245 ## - TITLE STATEMENT
Title Industrial motor control
Statement of responsibility, etc. L. E. Markle
250 ## - EDITION STATEMENT
Edition statement 1st ed
260 ## - PUBLICATION, DISTRIBUTION, ETC.
Place of publication, distribution, etc. Britain
Name of publisher, distributor, etc. U.S.A
Date of publication, distribution, etc. 1945
300 ## - PHYSICAL DESCRIPTION
Extent 89 p.
505 ## - FORMATTED CONTENTS NOTE
Formatted contents note NO
538 ## - SYSTEM DETAILS NOTE
System details note Almirah No.31 Shelf No.1
650 ## - SUBJECT ADDED ENTRY--TOPICAL TERM
Topical term or geographic name entry element Industrial motor control
942 ## - ADDED ENTRY ELEMENTS (KOHA)
Source of classification or shelving scheme
Koha item type Book
Holdings
Withdrawn status Lost status Source of classification or shelving scheme Damaged status Not for loan Collection code Permanent Location Current Location Date acquired Total Checkouts Full call number Barcode Date last seen Price effective from Koha item type
            Military College of Signals (MCS) Military College of Signals (MCS) 12/12/2016   621.3132 MAR MCS5872 12/08/2016 12/12/2016 Book
© 2023 Central Library, National University of Sciences and Technology. All Rights Reserved.